|
|
|
|
| LEADER |
00000nab a2200000 ar4500 |
| 001 |
vtls008941485 |
| 003 |
SK-MaSNL |
| 005 |
20260319071328.0 |
| 008 |
061212c20061209xo |||||||| 000 b|hun |
| 015 |
|
|
|a SNBRB2006/12
|2 snkbucl
|
| 038 |
|
|
|a SNKBUCL
|
| 040 |
|
|
|a DSZK
|b slo
|c DSZK
|e AACR2
|
| 041 |
0 |
|
|a hun
|
| 044 |
|
|
|a xo
|c SK
|
| 080 |
|
|
|a 94(439.2)-051
|2 1997
|
| 080 |
|
|
|a 929 Zrínyi, Ilona
|2 1997
|
| 100 |
1 |
|
|a Ozogány, Ernő,
|d 1951-2017
|4 aut
|9 101476
|
| 245 |
1 |
0 |
|a A szoknyás várkapitány
|c Ozogány Ernő
|
| 300 |
|
|
|b Fotogr.
|
| 600 |
1 |
7 |
|a Zrínska, Helena
|d 1643-1703
|2 snkbucl
|9 22819
|
| 773 |
0 |
|
|t Új szó
|g Évf. 59, sz. 283 (9.12.2006)
|
| 773 |
0 |
8 |
|i Príl.:
|t Családi kör
|g Évf. 10, sz. 48 (2006), o. 14
|
| 852 |
|
|
|a SNK
|b KIS3GCP
|
| 852 |
|
|
|a DSZK
|b KIS3GCP
|
| 958 |
|
|
|a HU
|
| 958 |
|
|
|a BC
|
| 999 |
|
|
|c 1757166
|d 1759096
|